000 00703nam a2200193 a 4500
001 000027876
005 20250621074007.0
008 110405s1982 dr r 000 0dspa d
040 _aDO-SdBNP
_bspa
_cBNPHU
082 _a338.97293
_bM516v
100 1 _a Mejía-Ricart G., Marcio,
_d1933-
_q(Mejía-Ricart Guzmán), |
_98411
245 1 0 _aVamos todos juntos al Congreso /
_cMarcio Mejía-Ricart G.
260 _aSanto Domingo :
_bAlfa y Omega,
_c1982.
300 _a131, 23 p. ;
_c19 cm.
590 _aInventariado, 2019/BT
650 4 _aPlanificación nacional
_zRepública Dominicana
_954952
651 0 _aRepública Dominicana
_xPolítica y gobierno
_945
910 _aValidado. Control de la calidad. EMS
999 _c27368
_d27368